000 00210nam a22000977a 4500
003 OSt
008 210116b ||||| |||| 00| 0 eng d
100 _aMohammed, K T
_94761
245 _aRathrivandikal
942 _cBK
999 _c16626
_d16626